000 01091cam a2200313 a 4500
999 _c331651
_d331651
001 3573789
003 NUST
005 20171012110826.0
008 990128s1998 ii ab b 001 0 eng
010 _a 98917046
020 _a8173040974
025 _aI-E-98-917046; 62-92
037 _bLibrary of Congress -- New Delhi Field Office
_cRs400.00
040 _aDLC
_cDLC
_dDLC
042 _alcode
043 _aa-pk---
_aa-ii---
050 0 0 _aDS392.N67
_bM44 1998
082 _a954.912
_bMEH
100 1 _aMehra, Parshotam.
_95389
245 1 4 _aThe North-West Frontier drama, 1945-1947 :
_ba re-assessment /
_cParshotam Mehra.
260 _aNew Delhi :
_bManohar Publishers & Distributors,
_c1998.
300 _a262 p. :
_bill., map ;
_c22 cm.
500 _aMap on lining paper.
504 _aIncludes bibliographical references and index.
651 0 _aKhyber Pakhtunkhwa (Pakistan)
_xPolitics and government
_y20th century.
_95390
906 _a7
_bcbc
_corigode
_d3
_encip
_f19
_gy-gencatlg
942 _2ddc
_cBK